Statystyki dla Nazwij Jeden Kraj Odpowiadający Danej Kategorii #2

Kliknij tutaj aby rozwiązać quiz!

Ogólne statystyki

  • Ten quiz został rozwiązany 327 razy
  • Średni wynik to 11 z 15

Statystyki odpowiedzi

KategoriaKraje% Poprawnych
Który jest krajem wyspiarskim w Europie, ale
nie posiada granic lądowych
Malta | Islandia
92%
Przez który przechodzi równik, ale
nie leży w Afryce
Brazylia | Kolumbia | Ekwador | Indonezja
91%
Który kończy się na EZJAMalezja | Indonezja | Mikronezja
89%
Który jest w top 10 najludniejszych państw świata i
nie leży w Azji (nie wliczając USA)
Nigeria | Brazylia
85%
Jest krajem śródlądowym w Ameryce PołudniowejBoliwia | Paragwaj
81%
Który jest krajem afrykańskim i leży nad Morzem CzerwonymEgipt | Sudan | Erytrea | Dżibuti
79%
Przez które przechodzą Himalaje nie wliczając Indii i Chinb>Nepal | Bhutan | Pakistan | Mjanma
78%
Ma albański jako język urzędowy
(nie wliczając Albanii)
Kosowo | Macedonia Północna
75%
Który posiada granicę lądową z IndonezjąMalezja | Timor Wschodni | Papua-Nowa
Gwinea
74%
Który twierdzi, że nie ma przypadków Covid-19 i
leży w Azji
Korea Północna | Turkmenistan
71%
Który jest enklawą innego państwa w AfryceLesotho
60%
Który graniczy z Oceanem Południowym (nie wliczając terytoriów zamorskich/zależnych)Chile | Argentyna
58%
Na którym terytorium leżą państwa nieuznawane
Kosowo i Tajwan to kraje nie zależne na JetPunk!
Gruzja | Azerbejdżan | Izrael | Maroko | Somalia | Mołdawia
| Ukraina
55%
Który kończy się na niepowtarzalną literęBangladesz | Białoruś | Luksemburg | Czad
47%
Z terytorium na wyspie Ziemia OgnistaChile | Argentyna
47%

Rozkład punktacji

Percentyl według liczby udzielonych odpowiedzi

Procent ludzi z każdym wynikiem

Twoja historia wyników

Nie rozwiązałeś tego quizu